000 01017nam a22003137a 4500
001 BR0305928
003 BR-BrBNA
005 20230928101455.0
007 ta
008 230509b bl.||||| |||| 00| 0 por d
040 _aBR-BrBNA
_bpor
_cBiblioteca Nacional de Agricultura
041 _a(Por)
072 _aL51
_b5212
_b1930
090 _ 5212 BR0305928
100 1 _aDavid, F.M
110 1 _aUniversidade Federal de Lavras, MG (Brasil)
_0Tese (Mestrado)
245 1 _aComposição bromatológica e degradabilidade, através da técnica de produção de gás, de quatro gramíneas tropicais submetidas a cortes em diferentes idades
260 3 _aLavras, MG (Brasil):
_c2001.
300 _a110 p.
500 _aSummaries (Eng, Por); Bibliography 79-90; 76 tables; 21 illus.
650 _aGRAMÍNEA FORRAGEIRA
650 _aCARBOIDRATO
650 _aRUMINAÇÃO
650 _aVOLUMOSOS
650 _aDIGESTIBILIDADE
650 _aBROMATOLOGIA
909 _a202309
_bLucia
_c55
_dLucia Elande
942 _cBK
999 _c66007
_d66007